Statistiques concernant Drapeaux des pays commençant par S

Cliquez ici pour prendre le quiz!

Statistiques générales

  • Ce quiz a été pris 134 fois
  • Le résultat moyen est 17 sur 22

Statistiques - réponses

Réponse% Correct
Suisse
99%
Suède
98%
Sénégal
96%
Serbie
96%
Slovaquie
96%
Slovénie
96%
Syrie
91%
Saint-Marin
90%
Singapour
88%
Sri Lanka
87%
Somalie
85%
Soudan
84%
Salvador
79%
Seychelles
79%
Soudan du Sud
71%
Suriname
69%
Sainte-Lucie
65%
Samoa
59%
Sierra Leone
58%
Sao Tomé-et-Principe
55%
Saint-Vincent-et-les-Grenadines
53%
Saint-Christophe-et-Niévès
48%

Distribution des résultats

Percentile par nombre de réponses

% des personnes avec chaque résultat

Votre développement - résultats

Vous n’avez pas pris ce quiz